Die deutschen Platzierungen bei der Europameisterschaft - Statistiken

Allgemein
  • Dieses Quiz wurde 44 mal gespielt
    11 seit der letzten Aktualisierung
  • Das Durchschnittsergebnis liegt bei 11 aus 14
Antwortstatistiken
Hint Antwort % Korrekt
1980 Sieger
100%
1996 Sieger
100%
1972 Sieger
90%
2024 Viertelfinale
90%
2000 Gruppenphase
80%
2012 Halbfinale
80%
2016 Halbfinale
80%
1976 Zweiter Platz
80%
2008 Zweiter Platz
80%
2020 Achtelfinale
70%
2004 Gruppenphase
70%
1992 Zweiter Platz
70%
1988 Halbfinale
60%
1984 Gruppenphase
30%
Keine übereinstimmenden Quizze gefunden
Verteilung der Resultate
Anzahl Personen mit jedem Resultat
Perzentil nach korrekt beantworteten Fragen
Ihre Resultats-Entwicklung
Sie haben dieses Quiz seit der letzten Aktualisierung nicht gespielt